LEADER 04741nam 2200637 450 001 9910461449903321 005 20200520144314.0 010 $a1-4384-5707-3 035 $a(CKB)3710000000471055 035 $a(EBL)4396566 035 $a(SSID)ssj0001544120 035 $a(PQKBManifestationID)16136364 035 $a(PQKBTitleCode)TC0001544120 035 $a(PQKBWorkID)12598185 035 $a(PQKB)10431718 035 $a(MiAaPQ)EBC4396566 035 $a(Au-PeEL)EBL4396566 035 $a(CaPaEBR)ebr11155572 035 $a(OCoLC)919921205 035 $a(EXLCZ)993710000000471055 100 $a20160303h20152015 uy 0 101 0 $aeng 135 $aurcnu|||||||| 181 $ctxt 182 $cc 183 $acr 200 00$aContemplative literature $ea comparative sourcebook on meditation and contemplative prayer /$fedited by Louis Komjathy ; contributors, Michael Birkel [and ten others] 210 1$aAlbany, New York :$cSUNY Press,$d2015. 210 4$dİ2015 215 $a1 online resource (850 p.) 300 $aDescription based upon print version of record. 311 $a1-4384-5705-7 320 $aIncludes bibliographical references at the end of each chapters and index. 327 $aContents; Illustrations; Preface; Acknowledgments; Abbreviations; Part I: Approaching Contemplative Practice; Chapter 1. Approaching Contemplative Practice; Contemplative Practice; Contemplative Studies; Context and Locatedness; Psychology, Consciousness Studies, and Neuroscience; Interpretive Issues in Contemplative Studies; Notes; Works Cited and Further Reading; Chapter 2. Contemplative Traditions; Contemplative Traditions; Dimensions of Contemplative Practice; Contemplative Experience; Psychologies of Realization; Contemplative Literature; Future Prospects; Notes 327 $aWorks Cited and Further Reading Part II: Contemplative Traditions; Chapter 3. Daoist Apophatic Meditation: Selections from the Classical Daoist Textual Corpus; Elders of the Inner Cultivation Lineages of Classical Daoism; Classical Daoism and the "Family of the Way? (Daojia); Ways to the Way: Classical Daoist Apophatic Meditation and Its Results; Inner Cultivation according to the Textual Corpus of Classical Daoism; Further Inquiries on the Way; Contemplative Being-in-the-World; Notes; Works Cited and Further Reading; Selections from the Classical Daoist Textual Corpus; Cosmology 327 $aNeiye (Inward Training)Laozi (Book of Venerable Masters); Zhuangzi (Book of Master Zhuang); Huainanzi (Book of the Huainan Masters); Inner Cultivation: Theory and Techniques; Neiye (Inward Training); Laozi (Book of Venerable Masters); Zhuangzi (Book of Master Zhuang); Xinshu shang (Techniques of the Mind I); Huainanzi (Book of the Huainan Masters); Contemplative States: Transient yet Transformative; Xinshu shang (Techiniques of the Mind I); Zhuangzi (Book of Master Zhuang); Huainanzi (Book of the Huainan Masters); Contemplative Traits: Long-Lasting Benefits; Neiye (Inward Training) 327 $aLaozi (Book of Venerable Masters)Zhuangzi (Book of Master Zhuang); Huainanzi (Book of the Huainan Masters); Chapter 4. Quaker Silent Prayer: A Guide to True Peace; The Guide and Christian Quietism; The Religious Society of Friends and Quaker Quietism; Quaker Silent Prayer and Quietist Spirituality; Instructions on Prayer from the Guide; Reading the Guide in Later Quakerism; Minding the Light in Contemplative Studies; Notes; Works Cited and Further Reading; A Guide to True Peace: Or, the Excellency of Inward and Spiritual Prayer; Preface; 1: The Spirit of God Dwells in the Heart of Man 327 $a2: On Faith 3: On Prayer; 4: All Are Capable of Attaining to Inward and Spiritual Prayer; 5: On Attaining to True Prayer; 6: On Spiritual Dryness; 7: On Defects and Infirmities; 8: On Temptations and Tribulations; 9: On Self-Denial; 10: On Mortification; 11: On Resignation; 12: On Virtue; 13: On Conversion; 14: On Self-Annihilation; 15: Man Acts More Nobly under the Divine Influence, than He Can Possibly Do by Following His Own Will; 16: On the Possession of Peace and Rest before God; 17: On Perfection, or the Union of the Soul with God 327 $aChapter 5. Jewish Kabbalah: Hayyim Vital's Shaarei Kedusha 606 $aContemplation 606 $aMeditation 606 $aReligions 608 $aElectronic books. 615 0$aContemplation. 615 0$aMeditation. 615 0$aReligions. 676 $a204/.3 702 $aKomjathy$b Louis$f1971- 702 $aBirkel$b Michael 801 0$bMiAaPQ 801 1$bMiAaPQ 801 2$bMiAaPQ 906 $aBOOK 912 $a9910461449903321 996 $aContemplative literature$91988452 997 $aUNINA LEADER 03856nam 2200589 450 001 9910797339403321 005 20170918150707.0 010 $a88-921-5085-5 035 $a(CKB)3710000000452975 035 $a(EBL)2097374 035 $a(SSID)ssj0001517416 035 $a(PQKBManifestationID)12589408 035 $a(PQKBTitleCode)TC0001517416 035 $a(PQKBWorkID)11505156 035 $a(PQKB)10385207 035 $a(MiAaPQ)EBC2097374 035 $a(EXLCZ)993710000000452975 100 $a20150729h20122012 uy 0 101 0 $aita 135 $aur|n|---||||| 181 $ctxt 182 $cc 183 $acr 200 02$aL'avviamento nel diritto tributario /$fa cura di Eugenio Della Valle, Valerio Ficari, Giuseppe Marini 210 1$aTurin, [Italy] :$cG. Giappichelli Editore,$d2012. 210 4$dİ2012 215 $a1 online resource (450 p.) 225 0 $aDiritto Tributario Italiano ed Europeo. Sezione Studi ed Attualita? ;$v1 300 $aDescription based upon print version of record. 311 $a88-348-2760-0 320 $aIncludes bibliographical references and index. 327 $aCover ; Quartino; Indice ; Parte I - PROFILI EXTRA-TRIBUTARI; Marchisio E. - CIRCOLAZIONE DELL'AZIENDA, TUTELA DELL'AVVIAMENTOE DIVIETO DI CONCORRENZA; Laghi E. - L'AVVIAMENTO NELLA DISCIPLINA DEL CODICE CIVILE EDEI PRINCIPI CONTABILI NAZIONALI ENEL SISTEMA IAS/IFRS: BREVI CONSIDERAZIONI CRITICHE; Bianchi M. T. - L'AVVIAMENTO NEI SUOI ASPETTI ECONOMICI ETECNICO CONTABILI; Parte II - PROFILI DI DIRITTO TRIBUTARIO SOSTANZIALE; Ferranti G. - L'AVVIAMENTO NEL SISTEMA DI DETERMINAZIONEDEL REDDITO D'IMPRESA 327 $aBizioli G. - IL RIALLINEAMENTO DELL'AVVIAMENTO EX ARTICOLO 15,COMMI 10-BIS E 10-TER DEL D.L. N. 185/2008(COME MODIFICATO DAL D.L. N. 98/2011)Garcea A. - IL TRATTAMENTO FISCALEDELL'AVVIAMENTO IN DIPENDENZA DI OPERAZIONIAVENTI AD OGGETTO IL CONFERIMENTO DI AZIENDAEX ART. 176 DEL D.P.R. N. 917/1986; Di Dio A. - L'AVVIAMENTO DERIVATO DALLA ACQUISIZIONEDI UNA AZIENDA: PRESUPPOSTI GENERATORIDELLE PERDITE D'AVVIAMENTO E PROFILI FISCALI; Di Siena M. - LA DISCIPLINA FISCALE DELL'AVVIAMENTO NEGATIVO; Baldacci M. - LA DEDUCIBILITA? DELL'AVVIAMENTONELLE IMPOSTE SUI REDDITI 327 $aD'Avossa M. - L'AVVIAMENTO NEL TRANSFER PRICINGCardella P. L. -L'AVVIAMENTO NELL'IMPOSTA SUL REDDITODELLE PERSONE FISICHE ; Mastroiacovo V. - L'IMPOSIZIONE INDIRETTADEL PASSAGGIO GENERAZIONALE DELL'AZIENDATRA REGIMI AGEVOLATI E CRITICITA? DI SISTEMA; Giorgi M. - L'AVVIAMENTO DELL'AZIENDA NEL SISTEMA DELL'IVA; Parte III - PROFILI TRIBUTARIO-PROCEDIMENTALI; Marini G. - L'ACCERTAMENTO DI MAGGIOR VALOREDELL'AVVIAMENTO NELL'IMPOSTA DI REGISTRO:EVENTUALI EFFETTI AI FINI DELLE IMPOSTE SUI REDDITI 327 $aD'Alfonso E. - OPERAZIONI STRAORDINARIE E POTERE DI INGERENZADELL'AMMINISTRAZIONE FINANZIARIANELLA VALORIZZAZIONE DEGLI ASSETS ACQUISITISelicato G. - PROFILI PROCEDIMENTALI EMOTIVAZIONE DELL'ATTO DI ACCERTAMENTONELLA RIDETERMINAZIONE INDUTTIVA DELL'AVVIAMENTO; Tortora G. - CRITICHE E SPUNTI DI RIFLESSIONESULLA DETERMINAZIONE DELL'AVVIAMENTOIN SEDE DI ACCERTAMENTO; Indice Autori 410 0$aDiritto tributario italiano ed europeo 606 $aBusiness enterprises$xTaxation$xLaw and legislation$zItaly 606 $aGoodwill (Commerce)$xTaxation$xLaw and legislation$zItaly 615 0$aBusiness enterprises$xTaxation$xLaw and legislation 615 0$aGoodwill (Commerce)$xTaxation$xLaw and legislation 676 $a343.45067 700 $aSantosuosso$b Daniele Umberto$0383321 702 $aDella Valle$b Eugenio 702 $aFicari$b Valerio 702 $aMarini$b Giuseppe 801 0$bMiAaPQ 801 1$bMiAaPQ 801 2$bMiAaPQ 906 $aBOOK 912 $a9910797339403321 996 $aL'avviamento nel diritto tributario$93818003 997 $aUNINA